Great educators and educational thought (A) (Record no. 9173)

MARC details
000 -LEADER
fixed length control field 00666cam a2200241ua 4500
008 - FIXED-LENGTH DATA ELEMENTS--GENERAL INFORMATION
fixed length control field 170925n ii |||gr||||Z||||||asm
020 ## - INTERNATIONAL STANDARD BOOK NUMBER
International Standard Book Number 9789382750178
040 ## - CATALOGING SOURCE
Transcribing agency MAIN
041 ## - LANGUAGE CODE
-- asm
082 ## - DEWEY DECIMAL CLASSIFICATION NUMBER
Classification number 370.92
100 ## - MAIN ENTRY--PERSONAL NAME
Personal name Baruah, Mamoni Gogoi,
Relator term
245 ## - TITLE STATEMENT
Title Great educators and educational thought (A)
Statement of responsibility, etc. By Mamoni Gogoi Baruah and others
250 ## - EDITION STATEMENT
Edition statement 1st ed.
260 ## - PUBLICATION, DISTRIBUTION, ETC.
Place of publication, distribution, etc. Dibrugarh:
Name of publisher, distributor, etc. Banalata,
Date of publication, distribution, etc. 2013.
300 ## - PHYSICAL DESCRIPTION
Extent 131p.
700 ## - ADDED ENTRY--PERSONAL NAME
Personal name Sharma, Anu,
Relator term
700 ## - ADDED ENTRY--PERSONAL NAME
Personal name Neog, Bijoylakshmi,
Relator term
700 ## - ADDED ENTRY--PERSONAL NAME
Personal name Borthakur, Indrani,
Relator term
700 ## - ADDED ENTRY--PERSONAL NAME
Personal name Duarah, Niharika,
Relator term
942 ## - ADDED ENTRY ELEMENTS (KOHA)
Koha item type Books
653 ## - INDEX TERM--UNCONTROLLED
Uncontrolled term Education
Holdings
Withdrawn status Lost status Damaged status Not for loan Home library Current library Shelving location Date acquired Total Checkouts Full call number Barcode Date last seen Copy number Price effective from Koha item type
        Central Library, Naharkatiya College Central Library, Naharkatiya College General Stacks 19/09/2020   370.92 | GRE 23807 19/09/2020 3 19/09/2020 Books
        Central Library, Naharkatiya College Central Library, Naharkatiya College General Stacks 19/09/2020   370.92 | GRE 23808 19/09/2020 2 19/09/2020 Books
        Central Library, Naharkatiya College Central Library, Naharkatiya College General Stacks 19/09/2020   370.92 | GRE 23809 19/09/2020 1 19/09/2020 Books

Naharkatiya College © 2020. All rights reserved.

Powered By